000 01423nab a22002177a 4500
999 _c5391
_d5391
003 OSt
005 20250310125548.0
008 190604e xxu||||| |||| 00| 0 spa d
040 _cPJ
100 _96419
_aPirchio, Federico Carlos
245 1 0 _aMedidas para el cumplimiento de la obligación alimentaria. La afectación de derechos y libertades individuales en procura de la eficacia /
_cFederico Carlos Pirchio.
260 _aCiudad Autónoma de Buenos Aires :
_bThomson Reuters La Ley,
_c2024.
300 _ap. 95-107
500 _aCita Online: TR LALEY AR/DOC/2086/2024.
505 _aSumario: I. Introducción.— II. Aplicación práctica. Casuística.— III. El bien jurídico protegido: el derecho alimentario.— IV. El incumplimiento reiterado como presupuesto de las medidas.— V. Naturaleza jurídica de las medidas: sanción civil con finalidad de compeler al cumplimiento. La eficacia como fin inmediato.— VI. La razonabilidad como límite de las medidas.— VII. Análisis sistémico de la legitimidad de las medidas.— VIII. Conclusión.
505 _t¿Te interesa el texto completo? Solicitalo al correo: koha@justierradelfuego.gov.ar
650 0 _9968
_aALIMENTOS
650 0 _91497
_aCODIGO CIVIL Y COMERCIAL
773 0 _02714
_93171
_dCiudad Autónoma de Buenos Aires : Thomson Reuters La Ley, 2014-
_tRevista anales de legislación argentina. Nº 11 - Noviembre 2024.
942 _2udc
_cANA